000
00282nam a2200109 a 4500
005
20201002034108.0
008
130822s2001 000 spa d
020
_a
9683690432
245
0
_a
Derechos en relación con el medio ambiente.
260
_a
México,
_c
2001.
999
_c
39868
_d
39868
040
_a
DO-SdBNP